[Event "SVK Extraliga 2017-18"]
[Site "Slovakia"]
[Date "2017.09.30"]
[Round "1"]
[White "Pacher, Milan"]
[Black "Jablonicky, Martin"]
[Result "1-0"]
[WhiteElo "2446"]
[BlackElo "2311"]
[Annotator "TA"]
[PlyCount "67"]
[EventDate "2017.09.30"]
[EventType "team-tourn"]
[EventCountry "SVK"]
[SourceTitle "playchess.com"]
[Source "ChessBase"]
[SourceQuality "1"]

{[%evp 23,67,0,41,25,28,30,70,59,71,39,50,-34,-16,-60,-57,-223,0,0,0,0,0,0,86,0,13,-8,337,328,336,335,352,351,327,347,422,431,427,429,424,414,486,522,520,502,662,662]} 1. d4 Nf6 2. c4 g6 3. Nc3 Bg7 4. e4 O-O 5. Bd3 c5 6. d5 d6 7. Nf3 e6 8. O-O exd5 9. exd5 Bg4 10. h3 Bxf3 11. Qxf3 Nbd7 12. Bf4 {E90: King's Indian: Classical: Early deviations and 6 h3} (12. Qd1 Re8 13. Bf4 Ne5 14. Be2 a6 15. Qc2 Nfd7 16. Rae1 f5 17. Bd2 Qh4 18. Nd1 f4 19. f3 Nf7 20. Nf2 Bd4 {0-1 (31) Alekseev,E (2636)-Bologan,V (2640) Sochi 2016}) 12... Ne8 {LiveBook: 3 Games} 13. Rae1 Ne5 14. Qe2 {White has an edge.} Nc7 $146 ({Predecessor:} 14... f5 15. Bc1 f4 16. f3 Qh4 17. Ne4 Rd8 18. Bc2 Nf7 19. Ba4 Nc7 {½-½ (51) Andreasen,P (2252)-Okhotnik,V (2406) Aalborg 2014}) 15. Ne4 Re8 16. Bg5 f6 {[%cal Bf7f6,Bf6f5][%mdl 32]} 17. Be3 (17. Bh4 $1 $14) 17... Nxc4 18. Bxc5 f5 19. Qc2 $2 {[#]} ({White has to play} 19. Bxc4 $15 Rxe4 20. Be3) 19... Rxe4 $2 (19... fxe4 $19 20. Bxc4 b5) 20. Bxe4 $11 Ne5 $1 ({Of course not} 20... dxc5 $6 21. Qxc4 Qd6 22. Bf3 $16) 21. Bd4 {Strongly threatening f4.} fxe4 22. Rxe4 Rc8 (22... Bf6 $11) 23. Qb3 ({White should play} 23. Rc1 $16 {Hoping for Bxe5.} Bh6 24. f4) 23... b6 24. f4 Nf7 $2 {[%mdl 8192]} (24... Nd7 $11 {and Black is okay.}) 25. Bxg7 $18 Kxg7 26. Qc3+ Kg8 {[#]} 27. Rc4 $1 b5 28. Rc6 Nxd5 29. Rxc8 Nxc3 30. Rxd8+ Nxd8 31. bxc3 {KR-KN} Ne6 32. f5 {White is clearly winning.} gxf5 33. Rxf5 Nc5 34. Rd5 {Precision: White = 40%, Black = 16%.} 1-0

[Event "SVK Extraliga 2017-18"]
[Site "Slovakia"]
[Date "2017.09.30"]
[Round "1"]
[White "Pechac, Jergus"]
[Black "Papp, Gabor"]
[Result "1/2-1/2"]
[WhiteElo "2442"]
[BlackElo "2598"]
[Annotator "TA"]
[PlyCount "127"]
[EventDate "2017.09.30"]
[EventType "team-tourn"]
[EventCountry "SVK"]
[SourceTitle "playchess.com"]
[Source "ChessBase"]
[SourceQuality "1"]

{[%evp 12,127,0,0,25,-6,-6,-16,-12,-18,-12,-12,-15,-17,-15,-9,0,0,0,0,21,12,27,0,0,7,7,6,17,13,24,0,24,21,25,25,33,30,27,25,22,24,23,21,22,11,9,0,0,0,0,0,0,0,0,0,0,0,0,0,0,0,0,0,0,0,0,0,0,-8,-8,-406,-356,-408,-396,-355,-345,-434,-425,-343,-17,-59,-52,-95,0,0,0,0,0,0,0,-29966,0,0,0,0,0,0,0,0,0,0,0,0,0,0,0,0,0,0,0,0,0,0,0,0,0,-29987]} 1. Nf3 d5 2. g3 Nd7 3. d4 Ngf6 4. Bg2 g6 5. O-O Bg7 6. c3 O-O 7. a4 {LiveBook: 13 Games. D02: 1 d4 d5 2 Nf3 sidelines, including 2...Nf6 3 g3 and 2...Nf6 3 Bf4} Re8 (7... a5 8. Bf4 c6 9. Qc1 Re8 10. Re1 Ne4 11. Nbd2 Nxd2 12. Qxd2 Nf6 13. Ne5 Bf5 14. f3 Nd7 15. Nxd7 Bxd7 {½-½ (34) Anton Guijarro,D (2654)-Swiercz,D (2637) Kocaeli 2017}) 8. Na3 $146 ({Predecessor:} 8. Nbd2 c6 9. b4 Qc7 10. Re1 e5 11. dxe5 Nxe5 12. Nd4 Qd8 13. a5 a6 14. N2b3 Ne4 15. Bxe4 dxe4 {0-1 (45) Bernaldo Serrano,J-Llasera Brufau,J (1976) Mallorca 2004}) 8... c6 9. Re1 e5 10. dxe5 Nxe5 11. Nxe5 Rxe5 12. Nc2 Re8 13. a5 Bg4 14. Be3 Qc7 15. Bd4 b6 16. Ne3 Be6 17. Qa4 {Hoping for axb6.} Rab8 18. axb6 axb6 19. Qa7 Rb7 20. Qa6 Nd7 21. b4 b5 22. Nc2 Nb6 23. Qa3 Bxd4 24. Nxd4 Ra8 25. Qc1 Rxa1 26. Qxa1 Ra7 27. Qc1 Qd6 28. e4 dxe4 $1 29. Bxe4 Bd5 $1 30. Bxd5 Nxd5 31. Qg5 {aiming for Re8+.} Re7 32. Rxe7 Nxe7 33. h4 h5 34. Qe3 Kg7 35. Nf3 (35. c4 {keeps more tension.} bxc4 36. Qc3 Kg8 37. Qxc4 Qe5 38. Nxc6 Nxc6 39. Qxc6 Qe1+ 40. Kg2) 35... Nf5 36. Qe5+ Qxe5 37. Nxe5 $11 {[%mdl 4096] Endgame KN-KN} Ne7 38. f4 Kf6 39. Kf2 Ke6 {Black wants to play ...Kd5.} 40. Ke3 f6 41. Nd3 $2 {[%mdl 8192]} (41. Nf3 $1 $11 {and White has nothing to worry.}) 41... Kd5 42. Nb2 Nf5+ 43. Kf3 {Now Kg2 and White clings on.} Nd6 $1 44. Ke3 Ne4 45. f5 {[#]} gxf5 $2 (45... g5 $1 $19 46. hxg5 fxg5) 46. Kf4 $1 Nd6 $1 47. Ke3 $1 {[#]} Nc4+ ({Black should play} 47... Nc8 $1 $17 48. Nd3 Kc4) 48. Nxc4 Kxc4 {KP-KP} 49. Kd2 c5 (49... Kb3 $5) 50. bxc5 Kxc5 51. Kc2 $2 {[%mdl 8192]} (51. Ke3 $11) 51... Kc4 $2 (51... b4 {mates} 52. cxb4+ Kxb4 53. Kd3 Kc5 54. Ke3 Kd5 55. Kf4 Ke6 56. Ke3 Ke5 57. Kd3 f4 58. g4 hxg4 59. h5 Kf5 60. Ke2 f3+ 61. Kd2 Kg5 62. Kd3 Kxh5 63. Kd2 g3 64. Ke1 Kg4 65. Kf1 g2+ 66. Kg1 Kf4 67. Kf2 Ke4 68. Kg1 Ke3 69. Kh2 Kf2 70. Kh3 g1=Q 71. Kh4 Qg5+ 72. Kh3 Qh5#) 52. Kd2 {The position is equal.} Kb3 (52... Kd5 $5 53. Kd3 $8 Ke6 $11) 53. Kd3 Ka3 54. Kd4 Ka4 (54... Kb3 $5) 55. Kc5 Kb3 56. Kxb5 {Black must now prevent c4.} Kxc3 {K3P-KPP} 57. Kc5 Kd3 58. Kd5 Ke3 59. Ke6 Kf3 60. Kxf6 f4 61. gxf4 Kxf4 62. Ke6 $1 Kg4 63. Ke5 Kxh4 {( -> ...Kg3)} 64. Ke4 $4 {[%mdl 40960] Precision: White = 61%, Black = 67%. . An unexpected result.} (64. Kf4 $11) 1/2-1/2

[Event "SVK Extraliga 2017-18"]
[Site "Slovakia"]
[Date "2017.09.30"]
[Round "1"]
[White "Neuman, Petr"]
[Black "Roubalik, Jakub"]
[Result "1/2-1/2"]
[WhiteElo "2440"]
[BlackElo "2394"]
[Annotator "TA"]
[PlyCount "125"]
[EventDate "2017.09.30"]
[EventType "team-tourn"]
[EventCountry "SVK"]
[SourceTitle "playchess.com"]
[Source "ChessBase"]
[SourceQuality "1"]

{[%evp 35,125,19,0,0,0,-7,13,18,5,-8,20,0,5,0,0,0,0,6,7,3,8,0,0,0,0,0,5,5,22,13,53,47,62,61,72,68,106,103,103,33,195,196,172,190,160,175,156,151,150,147,149,143,140,126,119,130,122,0,113,50,50,50,57,59,109,115,105,57,58,12,18,18,18,18,32,0,0,0,0,0,0,0,0,0,0,0,0,0,0,0,0,0]} 1. e4 c5 2. Nc3 e6 3. g3 Nc6 4. Bg2 g6 5. d3 Bg7 6. Be3 d6 7. f4 Nge7 {[%cal Bg8e7,Be7f5,Bf5d4][%mdl 32]} 8. Nf3 Nd4 9. O-O O-O 10. e5 Nef5 11. Bf2 Nxf3+ 12. Qxf3 Nd4 13. Qd1 dxe5 14. fxe5 Bxe5 15. Na4 {B25: Sizilianisch (Geschlossenes System)} Qc7 16. c3 Nf5 17. Nxc5 h5 18. d4 Bg7 {LiveBook: 3 Partien} 19. Nd3 $146 ({Vorgänger:} 19. Qd3 Rd8 20. Rad1 e5 21. d5 Nd6 22. h3 Bf5 23. Qe2 b6 {½-½ (51) Gelman,C (2345)-Browne,W (2600) Las Vegas 1997}) 19... Bd7 20. Re1 Bc6 21. Bxc6 Qxc6 22. Ne5 Qc7 23. Qf3 Rac8 24. h3 Nd6 25. Re2 Nc4 {[%cal Rc4e5]} 26. Nd3 Qc6 27. Qxc6 Rxc6 28. Rae1 Rd8 29. g4 hxg4 30. hxg4 a5 31. a4 Rd5 32. Kg2 Rg5 33. Kf3 Rd5 34. b3 Nb6 35. c4 Rd8 36. Ne5 $36 {[%mdl 2048] Weiss ist am Drücker.} Rcc8 37. d5 (37. Rd2 $16) 37... Nd7 $2 {[#]} ({Besser ist} 37... Nxd5 $1 $14 38. cxd5 Rc3+ 39. Re3 Bxe5) 38. Nxf7 $1 $18 {[%mdl 512]} Kxf7 39. dxe6+ Kg8 40. exd7 Rxd7 41. Re8+ Rxe8 42. Rxe8+ $16 {[%mdl 4096] Endspiel KTL-KTL} Kf7 43. Re4 Bc3 44. Bh4 Bb4 45. Rf4+ Ke6 46. Re4+ Kf7 47. Bg5 (47. Re5 $16) 47... Rd3+ 48. Re3 Rd1 49. Bf4 Rf1+ {[#]} 50. Ke4 $1 Ke6 51. Re2 Rb1 52. Kd3+ Kd7 53. Kc2 Rg1 54. g5 Rg4 55. Bc1 Bc5 $1 {Die Stellung ist ausgeglichen.} 56. Bd2 b6 57. Re5 Rg2 58. Rd5+ Kc6 59. Kd1 Rg3 60. Kc2 Rg2 61. Kd1 Rg3 62. Kc2 Rg2 63. Kd1 {Precision: Weiß = 60%, Schwarz = 53%.} 1/2-1/2

[Event "SVK Extraliga 2017-18"]
[Site "Slovakia"]
[Date "2017.09.30"]
[Round "1"]
[White "Nayhebaver, Martin"]
[Black "Michalicka, Milan"]
[Result "1-0"]
[WhiteElo "2437"]
[BlackElo "2158"]
[Annotator "TA"]
[PlyCount "61"]
[EventDate "2017.09.30"]
[EventType "team-tourn"]
[EventCountry "SVK"]
[SourceTitle "playchess.com"]
[Source "ChessBase"]
[SourceQuality "1"]

{[%evp 18,61,-18,-18,62,59,66,62,312,325,417,370,481,479,468,462,464,462,451,453,426,339,415,425,430,434,413,428,537,505,550,536,1148,1142,1054,1042,1131,1037,1221,1243,1253,1204,1203,1058,1541,1534]} 1. e4 c5 2. Nf3 g6 3. c3 Bg7 4. d4 cxd4 5. cxd4 d5 6. e5 Bg4 7. Qb3 Qd7 {B27: Sicilian: 2 Nf3, unusual Black 2nd moves} 8. Nc3 Bxf3 9. gxf3 Nc6 10. Be3 {LiveBook: 10 Games} Rd8 ({Black should play} 10... e6 $11) 11. Na4 $14 {[%cal Bc3a4,Ba4c5,Bc5b7][%mdl 32] And now Nc5 would win.} Qc7 12. Nc5 $146 ({Predecessor:} 12. Rc1 e6 13. Nc5 Rb8 14. Bb5 Nge7 15. Na6 bxa6 16. Bxc6+ Nxc6 17. Rxc6 Rxb3 18. Rxc7 Rxb2 {½-½ (74) Sargsjan,V (2329)-Ekdyshman,M (2422) Cherepovets 2005}) 12... Qa5+ $2 {[#]} (12... Rb8 $14) 13. Kd1 $1 $18 Qb6 14. Nxb7 Rc8 15. Rc1 Nh6 16. Qxb6 axb6 17. Bb5 Kd7 18. Kd2 Nf5 19. Rc2 Rc7 20. Rhc1 {[%cal Rc2c6]} Rhc8 21. a4 Bh6 22. f4 Bxf4 {White is clearly winning.} 23. Bxf4 {Strongly threatening e6+!} Nfxd4 {[#]} 24. e6+ $1 Kxe6 (24... Nxe6 25. Bxc7) 25. Bxc7 Nxc2 26. Rxc2 Nd4 27. Rc3 Nxb5 28. axb5 d4 29. Rc1 Kd5 30. Bxb6 Rb8 31. Rc7 {Precision: White = 100%, Black = 27%.} 1-0

[Event "SVK Extraliga 2017-18"]
[Site "Slovakia"]
[Date "2017.09.30"]
[Round "1"]
[White "Motuz, Karol"]
[Black "Mazur, Stefan"]
[Result "1-0"]
[WhiteElo "2423"]
[BlackElo "2472"]
[Annotator "TA"]
[PlyCount "79"]
[EventDate "2017.09.30"]
[EventType "team-tourn"]
[EventCountry "SVK"]
[SourceTitle "playchess.com"]
[Source "ChessBase"]
[SourceQuality "1"]

{[%evp 16,79,17,0,12,0,0,0,30,29,39,10,0,-36,-13,-45,-43,-74,-75,-72,-6,-5,0,0,-2,-8,20,29,27,20,30,24,33,56,55,56,145,145,195,195,135,135,260,260,267,259,263,261,442,459,998,972,1049,1027,987,970,873,10,19,-122,1724,1810,29967,29968,29978,29979]} 1. d4 Nf6 2. Nf3 g6 3. Nc3 d5 4. Bf4 Bg7 5. e3 O-O 6. Be2 c5 7. Ne5 Nc6 8. O-O Bf5 {D00: 1 d4 d5: Unusual lines} (8... cxd4 9. exd4 Qb6 10. Nxc6 Qxc6 11. Be5 Bf5 12. Bd3 Bxd3 13. Qxd3 Rac8 14. a4 Ne4 15. Bxg7 Kxg7 16. Ra3 Nxc3 17. bxc3 b6 {0-1 (43) Bareev,E (2634)-Polgar,J (2680) Moscow 2009}) 9. Qd2 {LiveBook: 3 Games} Rc8 10. Rad1 cxd4 {The position is equal.} 11. exd4 Na5 $146 ({Predecessor:} 11... a6 12. Rfe1 Qb6 13. Na4 Qd8 14. Nxc6 Rxc6 15. Nc5 Nd7 16. Nd3 Nb6 17. Nb4 Rc8 {½-½ (38) Williams,S (2275)-Banon Cifuentes,E (2234) ICCF email 2013}) 12. Rfe1 a6 13. h3 b5 14. g4 b4 15. gxf5 {And now Na4 would win.} bxc3 16. Qc1 {[#]} cxb2 $1 17. Qxb2 Nc4 (17... Ne4 $17 18. Bxa6 Ra8) 18. Qb3 $11 gxf5 19. Nxc4 dxc4 20. Bxc4 Rc6 21. d5 Rb6 22. Qe3 Ne4 23. f3 Rg6+ $1 24. Kh2 Nd6 25. Bb3 Bf6 ({Black should try} 25... Re8 $14) 26. c4 $16 {[%cal Bc2c4,Bc4c5,Bc5d6,Bd6d7][%mdl 32]} Qa5 27. c5 Nb5 28. d6 $36 {[%mdl 2048] White is in control.} exd6 (28... Nd4 $16 {was worth a try.}) 29. cxd6 $18 Nd4 30. Rg1 Qb4 31. d7 a5 $2 {[#]} (31... Qc5 32. Rg2 Nxb3 33. axb3 Qxe3 34. Bxe3 Rxg2+ 35. Kxg2 Kg7) 32. Bh6 f4 (32... Qd6+ $142 33. Kh1 Qxd7) 33. Bxf8 fxe3 34. Rxg6+ Kxf8 35. Rxf6 Ke7 36. Rxf7+ $2 (36. Rf4 $18 Nc6 37. Rxb4 axb4 38. Re1) 36... Kd8 $11 37. Rf4 ({Not} 37. Rxh7 $2 e2 $19) (37. Rg1 $1 $11 {was the only way to keep the balance.} Nxf3+ 38. Rxf3) 37... Nxf3+ $2 {[%mdl 8192]} (37... e2 $17 38. Rdxd4 Qxd4 39. Rxd4 e1=Q) 38. Kg3 $18 (38. Rxf3 $2 e2 $19) 38... e2 39. Rxb4 axb4 40. Kxf3 {Precision: White = 58%, Black = 24%.} 1-0

[Event "SVK Extraliga 2017-18"]
[Site "Slovakia"]
[Date "2017.09.30"]
[Round "1"]
[White "Mrva, Martin"]
[Black "Chovan, Milan"]
[Result "1-0"]
[WhiteElo "2394"]
[BlackElo "2292"]
[Annotator "NA"]
[PlyCount "79"]
[EventDate "2017.09.30"]
[EventType "team-tourn"]
[EventCountry "SVK"]
[SourceTitle "playchess.com"]
[Source "ChessBase"]
[SourceQuality "1"]
[TimeControl "40/5400+30:1800+30"]

1. e4 {[%emt 0:00:00]} e5 {[%emt 0:00:08]} 2. Nf3 {[%emt 0:00:00]} Nc6 {[%emt 0:00:05]} 3. Bb5 {[%emt 0:00:00]} a6 {[%emt 0:00:06]} 4. Ba4 {[%emt 0:00:00]} Nf6 {[%emt 0:00:06]} 5. Nc3 {[%emt 0:00:55]} b5 {[%emt 0:09:14]} 6. Bb3 {[%emt 0:00:06]} Be7 {[%emt 0:02:06]} 7. a4 {[%emt 0:06:30]} b4 {[%emt 0:09:51]} 8. Nd5 {[%emt 0:00:22]} O-O {[%emt 0:05:10]} 9. O-O {[%emt 0:04:31]} d6 {[%emt 0:06:53] LiveBook: 3 Games C84: Closed Ruy Lopez: Unusual White 6th moves} 10. Re1 {[%emt 0:03:27]} (10. d4 Bg4 11. dxe5 dxe5 12. Be3 Na5 13. Nxf6+ Bxf6 14. Bd5 c6 15. Ba2 Qc7 16. h3 Rfd8 17. Qe2 Bxf3 18. Qxf3 {1-0 (32) Adhiban,B (2682)-Gledura,B (2588) Sharjah 2017}) 10... Rb8 {[%emt 0:04:12]} 11. h3 {[%emt 0:12:23]} Na5 {[%emt 0:03:01]} 12. d4 $146 {[%emt 0:01:45]} ({Predecessor:} 12. Nxe7+ Qxe7 13. Ba2 c5 14. d3 h6 15. Nd2 Be6 16. Bc4 Nxc4 17. Nxc4 {0-1 (71) Nikolova,A (2358)-Levushkina,E (2342) Baku 2016}) 12... Nxb3 {[%emt 0:06:16]} 13. cxb3 {[%emt 0:00:23]} (13. Nxe7+ $11 Qxe7 14. cxb3) 13... Nxd5 {[%emt 0:08:51]} 14. exd5 {[%emt 0:00:06]} f6 {[%emt 0:00:12]} 15. Qd3 {[%emt 0:04:01]} Qd7 {[%emt 0:03:14]} 16. Bd2 {[%emt 0:09:50]} a5 {[%emt 0:03:55]} 17. Rac1 {[%emt 0:00:12]} Kh8 {[%emt 0:05:37]} ({Black should play} 17... Bb7 $17 18. Qc4 Bd8 19. dxe5 dxe5) 18. Qc4 {[%emt 0:05:33]} Bd8 {[%emt 0:06:43]} 19. dxe5 {[%emt 0:01:47]} fxe5 {[%emt 0:01:08]} 20. Bg5 {[%emt 0:09:53]} Bb7 {[%emt 0:02:32]} 21. Red1 $2 {[%emt 0:05:40] [#]} (21. Bxd8 $11 {and White is okay.} Rbxd8 22. Ng5) 21... Rxf3 $1 {[%emt 0:01:04]} 22. gxf3 {[%emt 0:01:55]} Bxg5 {[%emt 0:00:13]} 23. Qxc7 {[%emt 0:00:17]} Qd8 {[%emt 0:01:25]} 24. Rc4 {[%emt 0:03:09]} h6 {[%emt 0:02:53]} 25. Kg2 {[%emt 0:05:59]} Ba6 {[%emt 0:02:47]} 26. Rc6 {[%emt 0:05:33]} Qxc7 {[%emt 0:01:38]} 27. Rxc7 {[%emt 0:00:06]} Be2 {[%emt 0:05:02]} 28. Re1 $19 {[%emt 0:00:11]} Bd3 {[%emt 0:00:22]} 29. Ra7 {[%emt 0:04:30]} Bc2 {[%emt 0:00:25]} 30. Rxa5 {[%emt 0:00:10]} Bxb3 {[%emt 0:00:07]} 31. Rb5 {[%emt 0:02:41]} Ra8 {[%emt 0:01:22]} 32. Ra1 {[%emt 0:04:09]} Bd2 {[%emt 0:05:31]} 33. a5 {[%emt 0:00:22]} Ra6 {[%emt 0:00:44]} 34. Rb6 {[%emt 0:00:12]} Bc4 {[%emt 0:00:46]} 35. b3 {[%emt 0:00:32]} Rxb6 {[%emt 0:02:32]} 36. axb6 {[%emt 0:00:14]} Bxd5 {[%emt 0:00:08]} 37. Rd1 {[%emt 0:00:12]} Bb7 {[%emt 0:00:26]} 38. Rxd2 {[%emt 0:00:05]} d5 {[%emt 0:00:03]} 39. Rc2 {[%emt 0:00:16]} d4 {[%emt 0:00:08]} 40. Rc7 {[%emt 0:00:06]} 1-0

[Event "SVK Extraliga 2017-18"]
[Site "Slovakia"]
[Date "2017.09.30"]
[Round "1"]
[White "Pcola, Pavol"]
[Black "Szucs, Vladimir"]
[Result "1/2-1/2"]
[WhiteElo "2374"]
[BlackElo "2142"]
[Annotator "NA"]
[PlyCount "37"]
[EventDate "2017.09.30"]
[EventType "team-tourn"]
[EventCountry "SVK"]
[SourceTitle "playchess.com"]
[Source "ChessBase"]
[SourceQuality "1"]
[TimeControl "40/5400+30:1800+30"]

{[%evp 19,37,-15,0,0,9,0,32767,32767,23,31,33,32767,5,32767,27,-9,-4,0,2,0]} 1. c4 {[%emt 0:00:00]} c5 {[%emt 0:00:14]} 2. g3 {[%emt 0:00:00]} g6 {[%emt 0:00:16]} 3. Bg2 {[%emt 0:00:00]} Bg7 {[%emt 0:00:08]} 4. Nf3 {[%emt 0:00:00]} Nc6 {[%emt 0:00:17]} 5. Nc3 {[%emt 0:00:02]} e6 {[%emt 0:00:17]} 6. O-O {[%emt 0:00:13]} Nge7 {[%emt 0:00:15]} 7. d3 {[%emt 0:01:51]} O-O {[%emt 0:01:33]} 8. a3 {[%emt 0:00:28]} d5 {[%emt 0:00:20]} 9. Rb1 {[%emt 0:00:47]} b6 {[%emt 0:02:53]} 10. Bd2 {[%emt 0:04:26]} Bb7 {[%emt 0:05:40]} 11. b4 {[%emt 0:03:43]} cxb4 {[%emt 0:01:02]} 12. axb4 {[%emt 0:00:07] LiveBook: 35 Games} dxc4 {[%emt 0:00:31]} 13. dxc4 {[%emt 0:00:07]} Qc8 {[%emt 0:10:04] A37: Symmetrical English vs ...g6: 4 Bg2 Bg7 5 Nf3} (13... a5 14. bxa5 Nxa5 15. Bg5 Bxc3 16. Qxd8 Rfxd8 17. Bxe7 Rd7 18. Bb4 Bxb4 19. Rxb4 Bxf3 20. Bxf3 Rc8 21. Rxb6 Nxc4 {½-½ (33) Bachmann,A (2652)-Popov,I (2618) Benasque 2014}) 14. Ne4 {[%emt 0:06:53]} Qc7 $146 {[%emt 0:09:36]} ({Predecessor:} 14... Rd8 15. c5 a6 16. Nd6 Qd7 17. Ng5 Rf8 18. Be3 b5 19. Ngxf7 Rxf7 20. Nxf7 Qxd1 21. Rfxd1 Kxf7 {0-1 (34) Panchenko,A-Tolonen,L Volgograd 1974}) 15. Qc2 {[%emt 0:34:45]} Nf5 {[%emt 0:06:10]} 16. e3 {[%emt 0:01:27]} a5 {[%emt 0:11:34]} 17. bxa5 {[%emt 0:01:37]} Nxa5 {[%emt 0:02:34]} 18. Rfc1 {[%emt 0:10:06]} Rfc8 {[%emt 0:03:22]} 19. c5 $11 {[%emt 0:11:59]} 1/2-1/2

[Event "SVK Extraliga 2017-18"]
[Site "Slovakia"]
[Date "2017.09.30"]
[Round "1"]
[White "Farkas, Gabor"]
[Black "Kriebel, Tadeas"]
[Result "0-1"]
[WhiteElo "2366"]
[BlackElo "2487"]
[Annotator "TA"]
[PlyCount "74"]
[EventDate "2017.09.30"]
[EventType "team-tourn"]
[EventCountry "SVK"]
[SourceTitle "playchess.com"]
[Source "ChessBase"]
[SourceQuality "1"]

{[%evp 20,74,-22,-13,-11,-22,-12,-14,0,-16,-15,-63,-70,-79,-69,-130,-65,-78,-59,-61,-46,-66,-77,-99,-97,-96,-83,-116,-17,-22,-16,-18,0,0,0,0,0,0,0,-38,0,0,0,0,0,0,0,0,0,0,0,-613,0,-29996,-29997,-29998,-29999]} 1. e4 e5 2. Nf3 Nc6 3. Bc4 Nf6 4. d3 Bc5 5. c3 O-O 6. O-O d6 7. Nbd2 a6 8. Bb3 Ba7 9. Nc4 h6 10. Be3 b5 {C54: Italienische Partie (Hauptvariante)} 11. Ncd2 {LiveBook: 9 Partien} Na5 (11... Bxe3 12. fxe3 Be6 13. Qe2 Ne7 14. Bxe6 fxe6 15. h3 Ng6 16. Nh2 Qe7 17. Ng4 Nd7 18. Rxf8+ Rxf8 {½-½ (41) Spasov,V (2566)-Petkov,V (2566) Bankia 2013}) 12. Bc2 c5 {Die Stellung ist ausgeglichen.} 13. a4 $146 ({Vorgänger:} 13. h3 Re8 14. d4 Nc6 15. dxe5 dxe5 {1-0 (29) Stoyanov,P (2263)-Sharma,D (2369) Recklinghausen 2005}) 13... Be6 14. axb5 axb5 15. d4 cxd4 16. cxd4 {[#]} Ng4 $1 17. b4 (17. Qe2 $15) 17... Nc4 (17... Nc6 $17 {[%cal Re5d4]} 18. d5 Bxe3 19. Rxa8 Qxa8 20. dxe6 fxe6) 18. Nxc4 $15 Bxc4 19. Re1 $1 Nxe3 20. Rxe3 Bb6 21. Rea3 Rxa3 22. Rxa3 exd4 23. Nxd4 {[#]} Qf6 (23... d5 $1 $17 {[%cal Rd5e4] Droht stark ...dxe4.} 24. Nf5 dxe4) 24. Nf5 $11 d5 25. exd5 Rd8 26. d6 {zielt auf Ta6 ab.} g6 27. Ra6 Bxf2+ $1 28. Kxf2 {Und weiter mit Dd4 wäre nett.} gxf5 29. Qf3 Qd4+ 30. Qe3 $1 {[%cal Re3d4]} Qb2 31. Qd2 Qe5 32. Qe3 Qb2 33. Qd2 Bd5 34. Qxd5 Qxc2+ 35. Kf3 $2 {[%mdl 8192]} (35. Kg3 $11) 35... Re8 $2 (35... Qc3+ $19 36. Kf2 Re8) 36. h3 $2 {[%mdl 8192]} (36. Ra3 $11) 36... Qc3+ 37. Kf4 Qe3+ {Precision: Weiß = 37%, Schwarz = 60%.} 0-1

[Event "SVK Extraliga 2017-18"]
[Site "Slovakia"]
[Date "2017.09.30"]
[Round "1"]
[White "Hrabusa, Matej"]
[Black "Veres, Andrej"]
[Result "1-0"]
[WhiteElo "2359"]
[BlackElo "2232"]
[Annotator "NA"]
[PlyCount "91"]
[EventDate "2017.09.30"]
[EventType "team-tourn"]
[EventCountry "SVK"]
[SourceTitle "playchess.com"]
[Source "ChessBase"]
[SourceQuality "1"]
[TimeControl "40/5400+30:1800+30"]

1. d4 {[%emt 0:00:00]} Nf6 {[%emt 0:00:39]} 2. Nf3 {[%emt 0:00:00]} e6 {[%emt 0:00:38]} 3. Bf4 {[%emt 0:00:00]} c5 {[%emt 0:06:51]} 4. e3 {[%emt 0:00:00]} Nc6 {[%emt 0:01:55]} 5. Nbd2 {[%emt 0:02:13]} d5 {[%emt 0:02:36]} 6. c3 {[%emt 0:00:15]} Be7 {[%emt 0:01:15]} 7. Bd3 {[%emt 0:04:47]} Nh5 {[%emt 0:05:43]} 8. Be5 {[%emt 0:01:19]} cxd4 {[%emt 0:07:54]} 9. exd4 {[%emt 0:01:20]} Nxe5 {[%emt 0:04:06]} 10. Nxe5 {[%emt 0:00:10]} Nf6 {[%emt 0:00:29]} 11. Ndf3 {[%emt 0:02:08]} O-O {[%emt 0:04:53]} 12. Ng5 {[%emt 0:02:38]} g6 {[%emt 0:10:27]} 13. h4 {[%emt 0:12:52]} Nd7 {[%emt 0:02:14]} 14. Qg4 {[%emt 0:15:52]} f5 {[%emt 0:20:03]} 15. Qh3 {[%emt 0:02:13]} Nxe5 {[%emt 0:05:01]} 16. dxe5 {[%emt 0:00:07]} Bxg5 {[%emt 0:01:37]} 17. hxg5 {[%emt 0:00:26]} Rf7 {[%emt 0:00:01]} 18. f4 {[%emt 0:03:53]} b5 {[%emt 0:03:29]} 19. O-O-O {[%emt 0:02:23]} Qb6 {[%emt 0:02:54]} 20. Kb1 {[%emt 0:02:20]} Bd7 {[%emt 0:03:41]} 21. g4 {[%emt 0:03:48]} Rc8 {[%emt 0:00:16]} 22. gxf5 {[%emt 0:00:41]} exf5 {[%emt 0:00:11]} 23. Bc2 {[%emt 0:08:08]} b4 {[%emt 0:01:46]} 24. Rxd5 {[%emt 0:02:41]} bxc3 {[%emt 0:09:57]} 25. Bb3 {[%emt 0:00:10]} Be6 {[%emt 0:01:34]} 26. Qd3 {[%emt 0:05:38]} Qf2 {[%emt 0:01:41]} 27. bxc3 {[%emt 0:01:45]} Qxf4 {[%emt 0:00:05]} 28. Rd8+ {[%emt 0:08:07]} Rxd8 {[%emt 0:00:01]} 29. Qxd8+ {[%emt 0:00:07]} Kg7 {[%emt 0:00:00]} 30. Bxe6 {[%emt 0:01:06]} Qe4+ {[%emt 0:00:25]} 31. Kb2 {[%emt 0:00:15]} Qg2+ {[%emt 0:02:13]} 32. Ka3 {[%emt 0:00:22]} Qxh1 {[%emt 0:00:24]} 33. Bxf7 {[%emt 0:00:55]} Qc1+ {[%emt 0:00:11]} 34. Kb4 {[%emt 0:02:15]} Kxf7 {[%emt 0:00:08]} 35. Qd7+ {[%emt 0:05:30]} Kg8 {[%emt 0:00:09]} 36. Qe8+ {[%emt 0:06:20]} Kg7 {[%emt 0:00:02]} 37. Qd7+ {[%emt 0:00:17]} Kg8 {[%emt 0:00:03]} 38. e6 {[%emt 0:00:21]} Qb2+ {[%emt 0:00:16]} 39. Kc4 {[%emt 0:00:20]} Qxa2+ {[%emt 0:00:50]} 40. Kd3 {[%emt 0:01:04]} Qb1+ {[%emt 0:30:43]} 41. Kd4 {[%emt 0:33:03]} Qe4+ {[%emt 0:01:51]} 42. Kc5 {[%emt 0:00:15]} Qe3+ {[%emt 0:01:09]} 43. Kd6 {[%emt 0:00:00]} Qg3+ {[%emt 0:00:00]} 44. Ke7 {[%emt 0:00:00]} Qxg5+ {[%emt 0:00:00]} 45. Ke8 {[%emt 0:00:00]} Qf6 {[%emt 0:00:00]} 46. Qf7+ 1-0